000 004280000a22001690004500
003 MACL
005 20160112132948.0
008 160112b xxu||||| |||| 00| 0 eng d
040 _aMACL
_cMACL
041 _aEnglish
082 _a923.9/HUG
100 _aHughes, Henry Louis
_931273
245 _aFrederick Ozanam
260 _bAlexander Ouseley Ltd
_c1933
_aBritain
650 _aBiography
_931274
942 _cBK
_k923.9/HUG
_2ddc
999 _c38704
_d38704